Berlin heute = (Record no. 19571)
[ view plain ]
| 000 -LEADER | |
|---|---|
| fixed length control field | 01495cam a22003735a 4500 |
| 001 - CONTROL NUMBER | |
| control field | 12692051 |
| 005 - DATE AND TIME OF LATEST TRANSACTION | |
| control field | 20170117092820.0 |
| 008 - FIXED-LENGTH DATA ELEMENTS--GENERAL INFORMATION | |
| fixed length control field | 020305s2002 gw ab 000 0 ger d |
| 010 ## - LIBRARY OF CONGRESS CONTROL NUMBER | |
| LC control number | 2002103184 |
| 020 ## - INTERNATIONAL STANDARD BOOK NUMBER | |
| International Standard Book Number | 3791326465 (pbk.) |
| 035 ## - SYSTEM CONTROL NUMBER | |
| System control number | (NjP)3730680 |
| 035 ## - SYSTEM CONTROL NUMBER | |
| System control number | (CStRLIN)NJPGV3730680-B |
| 041 0# - LANGUAGE CODE | |
| Language code of text/sound track or separate title | gerengfre |
| 042 ## - AUTHENTICATION CODE | |
| Authentication code | lccopycat |
| 043 ## - GEOGRAPHIC AREA CODE | |
| Geographic area code | e-gx--- |
| 050 00 - LIBRARY OF CONGRESS CALL NUMBER | |
| Classification number | NA1085 .B473 2002 |
| 245 00 - TITLE STATEMENT | |
| Title | Berlin heute = |
| Remainder of title | Berlin today = Berlin aujourd'hui / |
| Statement of responsibility, etc. | Text, Christiane Kruse ; Fotografien: Michael Haddenhorst, Jürgen Hohmuth ; [Übersetzung: Elisabeth Schwaiger, Stéphanie Fiedler, Denys Simon]. |
| 246 31 - VARYING FORM OF TITLE | |
| Title proper/short title | Berlin today |
| 246 31 - VARYING FORM OF TITLE | |
| Title proper/short title | Berlin aujourd'hui |
| 260 ## - PUBLICATION, DISTRIBUTION, ETC. (IMPRINT) | |
| Place of publication, distribution, etc. | München ; |
| -- | New York : |
| Name of publisher, distributor, etc. | Prestel, |
| Date of publication, distribution, etc. | c2002. |
| 300 ## - PHYSICAL DESCRIPTION | |
| Extent | 93 p. : |
| Other physical details | ill. (chiefly col.), 1 map ; |
| Dimensions | 31 cm. |
| 546 ## - LANGUAGE NOTE | |
| Language note | Text in German, English, and French. |
| 650 #0 - SUBJECT ADDED ENTRY--TOPICAL TERM | |
| Topical term or geographic name as entry element | Architecture |
| Geographic subdivision | Germany |
| -- | Berlin. |
| 651 #0 - SUBJECT ADDED ENTRY--GEOGRAPHIC NAME | |
| Geographic name | Berlin (Germany) |
| General subdivision | Buildings, structures, etc. |
| 651 #0 - SUBJECT ADDED ENTRY--GEOGRAPHIC NAME | |
| Geographic name | Berlin (Germany) |
| Form subdivision | Pictorial works. |
| 700 1# - ADDED ENTRY--PERSONAL NAME | |
| Personal name | Kruse, Christiane. |
| 700 1# - ADDED ENTRY--PERSONAL NAME | |
| Personal name | Haddenhorst, Michael. |
| 700 1# - ADDED ENTRY--PERSONAL NAME | |
| Personal name | Hohmuth, Jürgen. |
| 942 ## - ADDED ENTRY ELEMENTS (KOHA) | |
| Source of classification or shelving scheme | |
| Koha item type | Hard Covered Materials |
| Withdrawn status | Lost status | Source of classification or shelving scheme | Damaged status | Not for loan | Home library | Current library | Shelving location | Date acquired | Source of acquisition | Total Checkouts | Full call number | Barcode | Date last seen | Price effective from | Koha item type |
|---|---|---|---|---|---|---|---|---|---|---|---|---|---|---|---|
| MACHAKOS UNIVERSITY LIBRARY | MACHAKOS UNIVERSITY LIBRARY | Technical section | 17/01/2017 | Donation(BFA) | NA1085 .B473 2002 | 30126 | 17/07/2018 | 17/01/2017 | Hard Covered Materials |